Responses for Show #1783 - Wednesday, May 6, 1992

1992 College Championship quarterfinal game 3.

Contestants

[<< previous game]

Hannah Stires, a senior from St. John's College

Dave Ellis, a senior from Michigan State University

Amy Cheek, a sophomore from Samford University

[next game >>]

Jeopardy! Round responses

RELIGION
CLASSIC PLAYTHINGS
ROCKS & MINERALS
MARK TWAIN
DRIVER'S ED.
ANIMAL WORDS & PHRASES
    $100 1
wine & bread

Amy
    $100 4
Mr. Potato Head

Hannah
    $100 26
(Dave: What is granite?)

limestone

Dave
Triple Stumper
    $100 18
nine

Dave
    $100 6
seat belts

Dave
    $100 13
a frog

Dave
    $200 2
Exodus

Hannah
    $200 5
Tinker Toys

Dave
    $200 27
(Dave: What is granite?)
[Laughter]

sandstone

Dave
Triple Stumper
    $200 19
Hannibal

Hannah
    $200 7
a U-turn

Dave
    $200 14
the bag

Hannah
    $300 3
relics

Dave
    $300 20
the Etch A Sketch

Dave
    $300 28
quarry

Dave
    $300 23
(Amy: What's a doctor?)

a riverboat pilot

Amy
Triple Stumper
    $300 8
the influence

Amy
    $300 15
a swan song

Hannah
    $400 9
(Hannah: What is Hindu? What is Hinduism?)

Islam

AmyHannah
    $400 21
Play-Doh

Dave
    $400 29
salt

Amy
    $2,000 24
(Dave: What is A Connecticut Yankee in King Arthur's Court?)

The Prince and the Pauper

Dave
    $400 11
put on your turn signal

Amy
    $400 16
foxy

Hannah
    $500 10
Buddha

Dave
    $500 22
Candy Land

Dave
    $500 30
(Dave: What are sedimentary rocks?)

igneous

AmyDave
    $500 25
(Amy: What is Las Vegas?)
(Dave: What's Reno?)
(Hannah: What is Carson City?)

Virginia City

AmyDaveHannah
Triple Stumper
    $500 12
right-of-way

Dave
    $500 17
the goats

Amy

Scores at the first commercial break (after clue 15):

Amy Dave Hannah
$1,200 $1,900 $400

Scores at the end of the Jeopardy! Round:

Amy Dave Hannah
$1,800 $200 $500

Double Jeopardy! Round responses

THE 1980s
FORESTS
VICE PRESIDENTS
BIOGRAPHIES
BALLET
MATH
    $200 2
Princess Diana

Amy
    $200 19
(Dave: What is the Nottingham Forest?)

Sherwood Forest

AmyDave
    $200 1
Spiro Agnew

Amy
    $200 11
Alexander Graham Bell

Amy
    $200 17
December

Dave
    $200 16
a product

Hannah
    $400 8
Oxford

Amy
    $400 20
(Alex: Dave will never forgive you.)

Michigan

Amy
    $400 4
Minnesota

Dave
    $400 12
Paul Simon

Dave
    $400 22
Picasso

Amy
    $400 18
a right angle

Amy
    $600 3
(Amy: What is Haiti?)

El Salvador

AmyDave
    $600 21
Portland

Hannah
    $600 5
Franklin Roosevelt

Dave
    $600 13
Stanley

Hannah
    $600 26
Swan Lake

Dave
    $600 25
differential

Hannah
    $800 9
Brian Boitano

Amy
    $1,100 23
the Black Forest (the Schwarzwald)

Amy
    $800 6
Gerald Ford

Dave
    $800 14
Carl Sandburg

Hannah
    $800 29
American

Amy
    $800 27
(Amy: What is 1/8th?)

3/8ths

AmyDave
    $1000 10
Benazir Bhutto

Hannah
    $1000 24
the Ardennes

Triple Stumper
    $1,500 7
Calvin Coolidge

Dave
    $1000 15
(Louis) Braille

Dave
    $1000 30
A Midsummer Night's Dream

Amy
    $1000 28
quadrant

Triple Stumper

Scores at the end of the Double Jeopardy! Round:

Amy Dave Hannah
$6,500 $6,900 $4,300

Final Jeopardy! Round responses

WORLD LEADERS
HannahWho is Lech Walesa?
$4,300
AmyWho is Gorbachev?
$6,000
DaveWho is Pope John Paul II?
$6,201
Gorbachev

Final scores:

Amy Dave Hannah
$12,500 $699 $0
Automatic semifinalist 2nd place: $1,000 if eliminated 3rd place: $1,000 if eliminated

Game dynamics:

Coryat scores:

Amy Dave Hannah
$6,200 $8,400 $4,300
19 R
(including 1 DD),
4 W
22 R
(including 1 DD),
6 W
(including 1 DD)
12 R,
2 W

Combined Coryat: $18,900

[game clues] [game scores] [suggest correction]

Game tape date: 1992-03-08
The J! Archive is created by fans, for fans. Scraping, republication, monetization, and malicious use prohibited; this site may use cookies and collect identifying information. See terms. The Jeopardy! game show and all elements thereof, including but not limited to copyright and trademark thereto, are the property of Jeopardy Productions, Inc. and are protected under law. This website is not affiliated with, sponsored by, or operated by Jeopardy Productions, Inc. Join the discussion at JBoard.tv.